000 01202nam a22002297a 4500
999 _c60608
_d60608
003 Ge_BSU
005 20230920171011.0
008 230920s2006 ge ||||| |||| 00| 0 geo d
020 _a9994048759
041 _ageo
080 _a517.938 კ-54
100 _aკირთაძე, ალექსი
_913192
245 _aდინამიკური და კვაზიდინამიკური სისტემების თეორიის ზოგიერთი ასპექტი :
_b[მონოგრაფია] /
_c ალექსი კირთაძე ; ა. ხარაზიშვილის რედ. ; სტუ.
264 _aთბილისი :
_b[ტექნ. უნ-ტი],
_c2006.
300 _a271 გვ. ;
_b20 სმ.
504 _a ბიბლიოგრ.: გვ. 247-270.
653 _aდინამიკური სისტემების თეორია
653 _aსიმრავლეთა თეორია
653 _aკვაზიდინამიკური სისტემები
700 _aხარაზიშვილი, ა.
_eრედაქტორი
_92505
942 _2udc
_cBK